NYPD Red 6 / James Patterson & Marshall Karp.
At the wedding of the century, a brazen kidnapper steals the star of the show...Erin Easton's wedding in one of New York's biggest venues may have a TV crew documenting every extravagant detail, but when the bride disappears from the reception, it's no diva turn. Her dressing room is empty except for a blood-spattered wedding dress. Detective Kylie MacDonald of NYPD Red, already at the scene as a plus-one, brings in her partner, Detective Zach Jordan, to search for the missing bride. Unable to rule anything out, every A-list celebrity on the guest list has to be considered either a target of suspicion . . . or a target.
Record details
- ISBN: 9781549136696
- ISBN: 1549136690
- ISBN: 9781549194894
- ISBN: 1549194895
- ISBN: 9781549135880
- ISBN: 1549135880
- Physical Description: 6 audio discs (approximately 7 hr., 25 min.) ; 4 3/4 in.
- Edition: Unabridged.
- Publisher: New York : Hachette Audio, [2020]
Content descriptions
| General Note: | Title from container. |
| Participant or Performer Note: | Read by Jay Snyder. |
Search for related items by subject
| Genre: | Thrillers (Fiction) Audiobooks. |
Search for related items by series
Available copies
- 1 of 1 copy available at scottsboropl.
Holds
- 0 current holds with 1 total copy.
Other Formats and Editions
Show Only Available Copies
| Location | Call Number / Copy Notes | Barcode | Shelving Location | Status | Due Date |
|---|---|---|---|---|---|
| scottsboropl | BK/CD Pat | 32269001157398 | Adult - Audiobook | Available | - |
| LDR | 04128cim a2201009 i 4500 | ||
|---|---|---|---|
| 001 | 155528 | ||
| 003 | SBPL | ||
| 005 | 20210409173401.0 | ||
| 008 | 201209t20202020nyunnnne f n eng d | ||
| 007 | sd fungnnmmned | ||
| 020 | . | ‡a9781549136696 ‡q(sound recording ; ‡qBlackstone Library CD) | |
| 020 | . | ‡a1549136690 ‡q(sound recording ; ‡qBlackstone Library CD) | |
| 020 | . | ‡a9781549194894 ‡q(sound recording ; ‡qHachette Audio) | |
| 020 | . | ‡a1549194895 ‡q(sound recording ; ‡qHachette Audio) | |
| 020 | . | ‡a9781549135880 | |
| 020 | . | ‡a1549135880 | |
| 024 | 3 | . | ‡a9781549194894 ‡d53500 |
| 024 | 3 | . | ‡a9781549135880 ‡d52000 (Hachette Audio ; ‡q2021 speicial price packaging) |
| 028 | 0 | 2. | ‡a2-Y9489 ‡bHachette Audio |
| 035 | . | ‡a(OCoLC)1226118442 ‡z(OCoLC)1272346969 ‡z(OCoLC)1361692087 ‡z(OCoLC)1383689804 ‡z(OCoLC)1428216903 ‡z(OCoLC)1476836786 ‡z(OCoLC)1550405721 | |
| 050 | 4. | ‡aPS3566.A822 ‡bN996 2020ab | |
| 082 | 0 | 4. | ‡a813/.54 ‡223 |
| 100 | 1 | . | ‡aPatterson, James, ‡d1947-: ‡eauthor. |
| 245 | 1 | 0. | ‡aNYPD Red 6 / ‡cJames Patterson & Marshall Karp. |
| 246 | 3 | . | ‡aNYPD Red Six |
| 246 | 3 | . | ‡aNew York Police Department Red Six |
| 246 | 3 | . | ‡aN.Y.P.D. Red 6 |
| 250 | . | ‡aUnabridged. | |
| 264 | 1. | ‡aNew York : ‡bHachette Audio, ‡c[2020] | |
| 300 | . | ‡a6 audio discs (approximately 7 hr., 25 min.) ; ‡c4 3/4 in. | |
| 306 | . | ‡a072500 | |
| 336 | . | ‡aspoken word ‡bspw ‡2rdacontent | |
| 337 | . | ‡aaudio ‡bs ‡2rdamedia | |
| 338 | . | ‡aaudio disc ‡bsd ‡2rdacarrier | |
| 344 | . | ‡adigital ‡2rdatr | |
| 344 | . | ‡boptical ‡2rdarm | |
| 344 | . | ‡c1.4 m/s | |
| 347 | . | ‡aaudio file ‡2rdaft | |
| 347 | . | ‡bCD audio | |
| 490 | 1 | . | ‡aNYPD Red : ‡vBk 6 |
| 500 | . | ‡aTitle from container. | |
| 511 | 0 | . | ‡aRead by Jay Snyder. |
| 520 | . | ‡aAt the wedding of the century, a brazen kidnapper steals the star of the show...Erin Easton's wedding in one of New York's biggest venues may have a TV crew documenting every extravagant detail, but when the bride disappears from the reception, it's no diva turn. Her dressing room is empty except for a blood-spattered wedding dress. Detective Kylie MacDonald of NYPD Red, already at the scene as a plus-one, brings in her partner, Detective Zach Jordan, to search for the missing bride. Unable to rule anything out, every A-list celebrity on the guest list has to be considered either a target of suspicion . . . or a target. | |
| 600 | 1 | 0. | ‡aMacDonald, Kylie ‡c(Fictitious character) ‡vFiction. |
| 600 | 1 | 0. | ‡aJordan, Zach ‡c(Fictitious character) ‡vFiction. |
| 650 | 0. | ‡aPolice ‡zNew York (State) ‡zNew York ‡vFiction. | |
| 650 | 0. | ‡aKidnapping ‡xInvestigation ‡vFiction. | |
| 650 | 0. | ‡aWomen ‡xCrimes against ‡vFiction. | |
| 650 | 0. | ‡aActresses ‡vFiction. | |
| 650 | 0. | ‡aWeddings ‡vFiction. | |
| 650 | 0. | ‡aReality television programs ‡vFiction. | |
| 650 | 0. | ‡aMotion pictures ‡xProduction and direction ‡zNew York (State) ‡zNew York ‡vFiction. | |
| 651 | 0. | ‡aNew York (N.Y.) ‡vFiction. | |
| 650 | 0. | ‡aInternet videos ‡vFiction. | |
| 655 | 7. | ‡aThrillers (Fiction) ‡2lcgft | |
| 655 | 7. | ‡aAudiobooks. ‡2lcgft | |
| 700 | 1 | . | ‡aKarp, Marshall,: ‡eauthor. |
| 700 | 1 | . | ‡aSnyder, Jay, ‡d1971-: ‡enarrator. |
| 800 | 1 | . | ‡aNYPD Red : ‡vBk 6 |
| 830 | 1 | . | ‡aPatterson, James, ‡d1947- ‡tNYPD red mystery. ‡sSpoken word.: ‡vBk 6 |
| 901 | . | ‡a155528 ‡b ‡c155528 ‡tbiblio | |